000 00611nam a2200181 4500
001 128088
003 ES-MaACL
005 20230906193147.0
007 t|
008 070214s1919 sp r ||||1| spa d
100 1 _aRocafull de Montes, José.
_998023
245 1 0 _aMemoria del curso de 1918-1919 /
_cJosé Rocafull de Montes.
260 _aAlmería :
_b[s.n.],
_c1919.
500 _aPrecede al Tit : Escuela de Artes y Oficios de Almería.
610 2 _aEscuela de Artes y Oficios de Almería-
_vMemorias.
_9148588
710 2 _aEscuela de Artes y Oficios de Almería.
_93527
852 _aES-MaACL
_j1586-F-4
999 _c128088
_d128088